| 000 | 00341nam a22001217a 4500 | ||
|---|---|---|---|
| 008 | 230620b xxu||||| |||| 00| 0 eng d | ||
| 082 |
_a320.9 _bCOM |
||
| 100 | _cCommonwealth Secretariat, 1997 | ||
| 245 | _aReport of the Commonwealth Secretary-General | ||
| 260 |
_aLondon _bCommonwealth Secretariat _c1997 |
||
| 300 | _a143p | ||
| 942 |
_2ddc _cBK |
||
| 999 |
_c1624 _d1624 |
||